00920nam a2200157 a 450000100100000000500170001000800410002704000250006808200150009310000290010824500670013726000390020430000340024350004550027770000300073200003252920200930065705.0110719s2007 xxuac 000 0 spa d aDO-SdBNPbspacBNPHU axxxxbB7261 aBorbón Parma, Edita de10aEdita de Borbón Parma :bmi vida /cEdita de Borbón Parma. aNueva York :bRazón Real,c2007. a361 p. :bil. retr. ;c29 cm. aEdita de Borbón Parma (Reynoso Gonzales), mi vida, antropellos y sufrimientos, por ser descendiente de la histórica y emblemática pareja presidencial dominicana el gral. don Horacio Vásquez Lajara y la poetisa y princesa doña Trina Moya de Vásquez (María del Carmen Reynoso, María de las Mercedes de Borbón y de Borbón), vinculados a las familia real de España desde los tiempos coloniales y victimas de la dictadura de Trujillo12aReynoso González, Edita